<?xml version="1.0" encoding="UTF-8"?>
<record
    xmlns:xsi="http://www.w3.org/2001/XMLSchema-instance"
    xsi:schemaLocation="http://www.loc.gov/MARC21/slim http://www.loc.gov/standards/marcxml/schema/MARC21slim.xsd"
    xmlns="http://www.loc.gov/MARC21/slim">

  <leader>01391cam a2200241Mi 4500</leader>
  <datafield tag="020" ind1=" " ind2=" ">
    <subfield code="a">9783709113608 (electronic bk.)</subfield>
  </datafield>
  <datafield tag="020" ind1=" " ind2=" ">
    <subfield code="a">3709113601 (electronic bk.)</subfield>
  </datafield>
  <datafield tag="040" ind1=" " ind2=" ">
    <subfield code="c">MHW</subfield>
  </datafield>
  <datafield tag="082" ind1="0" ind2="4">
    <subfield code="a">618 STA 2007 C166 Or.</subfield>
  </datafield>
  <datafield tag="245" ind1="0" ind2="0">
    <subfield code="a">Pediatric epilepsy surgery /</subfield>
  </datafield>
  <datafield tag="300" ind1=" " ind2=" ">
    <subfield code="a">1 online resource (214 pages).</subfield>
  </datafield>
  <datafield tag="490" ind1="1" ind2=" ">
    <subfield code="a">Advances and technical standards in neurosurgery ;</subfield>
  </datafield>
  <datafield tag="520" ind1=" " ind2=" ">
    <subfield code="a">The contributions in this volume cover recent advances and changing concepts on diagnosis and treatment of resistant epilepsy in children. Topics treated are new insights on mechanisms of epileptogenesis in developing brain, multimodality imaging in pediatric intractable epilepsy, pediatric intractable epilepsy syndromes, pediatric temporal lobe epilepsy surgery, critical review of palliative surgical techniques for intractable epilepsy, treatment modalities for intractable epilepsy in hypothalamic hemartomas, contemporary management of epilepsy in tuberous sclerosis</subfield>
  </datafield>
  <datafield tag="650" ind1=" " ind2="0">
    <subfield code="a">Epilepsy in children.</subfield>
  </datafield>
  <datafield tag="650" ind1=" " ind2="0">
    <subfield code="a">Epilepsy in children</subfield>
  </datafield>
  <datafield tag="700" ind1="1" ind2=" ">
    <subfield code="a">Akalan, Nejat.</subfield>
  </datafield>
  <datafield tag="700" ind1="1" ind2=" ">
    <subfield code="a">Di Rocco, C.</subfield>
  </datafield>
  <datafield tag="710" ind1="2" ind2=" ">
    <subfield code="a">Ohio Library and Information Network.</subfield>
  </datafield>
  <datafield tag="856" ind1="4" ind2="0">
    <subfield code="u">http://rave.ohiolink.edu/ebooks/ebc/9783709113608</subfield>
  </datafield>
  <datafield tag="856" ind1="4" ind2="0">
    <subfield code="u">http://dx.doi.org/10.1007/978-3-7091-1360-8</subfield>
  </datafield>
  <datafield tag="856" ind1="4" ind2="0">
    <subfield code="u">http://proxy.ohiolink.edu:9099/login?url=http://dx.doi.org/10.1007/978-3-7091-1360-8</subfield>
  </datafield>
  <datafield tag="942" ind1=" " ind2=" ">
    <subfield code="c">AEDBB</subfield>
  </datafield>
  <datafield tag="999" ind1=" " ind2=" ">
    <subfield code="c">19347</subfield>
    <subfield code="d">19347</subfield>
  </datafield>
  <datafield tag="952" ind1=" " ind2=" ">
    <subfield code="0">0</subfield>
    <subfield code="1">0</subfield>
    <subfield code="4">0</subfield>
    <subfield code="6">618_000000000000000_STA_2007_C166_OR</subfield>
    <subfield code="7">0</subfield>
    <subfield code="9">84687</subfield>
    <subfield code="a">LBC</subfield>
    <subfield code="b">LBC</subfield>
    <subfield code="c">C166</subfield>
    <subfield code="d">2020-09-28</subfield>
    <subfield code="e">A34605</subfield>
    <subfield code="o">618 STA 2007 C166 Or.</subfield>
    <subfield code="r">2020-09-28</subfield>
    <subfield code="w">2020-09-28</subfield>
    <subfield code="y">EK</subfield>
  </datafield>
</record>
